[Event "URU-ch sf"]
[Site "Montevideo"]
[Date "2013.02.09"]
[Round "2"]
[White "Ibanez Iglesias, Juan Rodrigo"]
[Black "Cordero, Renzo"]
[Result "1-0"]
[WhiteElo "1998"]
[BlackElo "1793"]
[PlyCount "51"]
[EventDate "2013.02.08"]
[EventType "swiss"]
[EventRounds "9"]
[EventCountry "URU"]
[SourceTitle "EXT 2014"]
[Source "ChessBase"]
[SourceDate "2013.11.20"]
[SourceVersion "1"]
[SourceVersionDate "2013.11.20"]
[SourceQuality "1"]

1. e4 c5 2. Nf3 e6 3. d4 cxd4 4. Nxd4 a6 5. Nc3 Qc7 6. Be2 Nf6 7. 0-0 Bb4 8. Bd3 Bxc3 9. bxc3 Qxc3 10. Be3 Nc6 11. Nxc6 Qxc6 12. e5 Nd5 13. Bd2 d6 14. exd6 Qxd6 15. Rb1 b5 16. Re1 0-0 17. Bb4 Qf4 18. Bxf8 Kxf8 19. Qh5 h6 20. Be4 Qg5 21. Qf3 Bd7 22. h4 Qe5 23. c4 bxc4 24. Qa3+ Ke8 25. Bf3 Qc3 26. Qxc3 1-0

[Event "URU-chT"]
[Site "Paysandu"]
[Date "2012.08.04"]
[Round "2.2"]
[White "Pustilnik, Iber"]
[Black "Cordero, Renzo"]
[Result "1-0"]
[WhiteElo "1968"]
[BlackElo "1911"]
[PlyCount "75"]
[EventDate "2012.08.03"]
[EventType "team-swiss"]
[EventRounds "5"]
[EventCountry "URU"]
[SourceTitle "CBM 149 Extra"]
[Source "ChessBase"]
[SourceDate "2012.08.24"]
[SourceVersion "1"]
[SourceVersionDate "2012.08.24"]
[SourceQuality "1"]

1. Nf3 Nf6 2. c4 c5 3. Nc3 Nc6 4. g3 g6 5. Bg2 Bg7 6. 0-0 0-0 7. e3 b6 8. d4 cxd4 9. exd4 Bb7 10. Re1 d5 11. Ne5 Nxe5 12. dxe5 Nd7 13. Bf4 h6 14. e6 fxe6 15. Rxe6 Nc5 16. Rxg6 Qe8 17. Qg4 Rf7 18. Nxd5 Bc8 19. Qh5 Bf5 20. Bxh6 Bxg6 21. Qxg6 Qf8 22. Nxe7+ Rxe7 23. Bd5+ Kh8 24. Bg5 Re5 25. Qh5+ Bh6 26. f4 Rxd5 27. cxd5 Kh7 28. Re1 Ne4 29. Rxe4 Qc5+ 30. Kf1 Qc1+ 31. Re1 Qc4+ 32. Qe2 Qxe2+ 33. Rxe2 Bf8 34. Bf6 Rc8 35. Bc3 Rc5 36. Re8 Bd6 37. f5 Rxd5 38. Rh8# 1-0

[Event "Latin Cup"]
[Site "Montevideo"]
[Date "2011.11.03"]
[Round "4"]
[White "Cordero, Renzo"]
[Black "Villareal, Julio"]
[Result "1-0"]
[WhiteElo "1978"]
[BlackElo "1942"]
[PlyCount "75"]
[EventDate "2011.11.01"]
[EventType "swiss"]
[EventRounds "9"]
[EventCountry "URU"]
[SourceTitle "EXT 2012"]
[Source "ChessBase"]
[SourceDate "2011.11.24"]
[SourceVersion "1"]
[SourceVersionDate "2011.11.24"]
[SourceQuality "1"]

1. Nf3 Nf6 2. c4 d5 3. b3 d4 4. Bb2 c5 5. g3 Nc6 6. d3 e5 7. Bg2 Bd6 8. 0-0 0-0 9. Na3 a6 10. Nc2 Re8 11. a3 Qb6 12. Rb1 a5 13. Bc1 a4 14. b4 cxb4 15. axb4 Bf8 16. b5 Na5 17. Nd2 Nd7 18. Na1 Nc5 19. Ba3 Bf5 20. Bxc5 Qxc5 21. Qxa4 e4 22. Qc2 exd3 23. exd3 Re2 24. Rfe1 Rae8 25. Rxe2 Rxe2 26. Bf3 Re8 27. Nab3 Nxb3 28. Nxb3 Qb6 29. Nd2 Rc8 30. Ne4 Qg6 31. Ra1 h5 32. Ra7 h4 33. Rxb7 Ra8 34. Qd1 hxg3 35. hxg3 Rc8 36. Bh5 Qh7 37. Bxf7+ Kh8 38. Bd5 1-0